Cuando el río suena... (Registro nro. 18216)
[ vista simple ]
| 000 -LEADER | |
|---|---|
| fixed length control field | 00380 a2200133 4500 |
| 001 - CONTROL NUMBER | |
| control field | ART_13070 |
| 005 - DATE AND TIME OF LATEST TRANSACTION | |
| control field | 20260410161735.0 |
| 008 - FIXED-LENGTH DATA ELEMENTS--GENERAL INFORMATION | |
| fixed length control field | 260409a |
| 100 1# - MAIN ENTRY--PERSONAL NAME | |
| Personal name | Rossi, Rodolfo C. |
| 245 10 - TITLE STATEMENT | |
| Title | Cuando el río suena... |
| 700 1# - ADDED ENTRY--PERSONAL NAME | |
| Personal name | Botana, Natalio |
| 700 1# - ADDED ENTRY--PERSONAL NAME | |
| Personal name | Blasco, Eduardo |
| 773 0# - HOST ITEM ENTRY | |
| Title | Ejecutivos de finanzas |
| Related parts | - Año 7, Nº 63 (feb./mar. 1990) |
| Record control number | REV2863 |
No hay ítems disponibles.